000 00417nam a2200181Ia 4500
001 20795
005 20260306172832.0
008 260306t2020||||xx |||||||||||||| ||spa||
041 _aESP
082 _a343.8
_bB81E
100 _aBravo Cucci, Jorge,
_eAUT
245 0 _aElusión tributaria
260 _c2020
300 _a556 páginas :
_c24 cm.
650 _aGEN
654 _aCDE
942 _cLIB
_dJUS
_fJUS
_2ddc
_n
999 _c20795
_d20795